01834nam a22002537a 4500003000900000008004100009040007100050082002200121245010700143260003000250300004600280440008200326505094500408650003301353650001101386650001201397650001701409650001601426700003201442700002601474700002501500700002901525700002601554AR-CdUCM190425b ||||| |||| 00| 0 spa d aMUNICIPALIDAD PROVINCIAL DEL CUSCOcBIBLIOTECA MUNICIPAL DEL CUSCO aCsyArts/N°1/1954 aCiencias y Artes :bRevista de Cultura /cÓrgano de la Gran Unidad Escolar Inca Garcilaso de la Vega aCusco.bGarcilaso,c1954. a100 páginas. :bilustraciones ;c21 cm. aRevista de Cultura Ciencias y Artes.nAño I, Número 1, diciembre de 1954. aContenido: Apuntes para un estudio de la vida de don Manuel de Mollinedo. Horacio Villanueva Urteaga. -- Principios metodológicos que se aplican en la enseñanza de la Física. Lucio Bueno V. -- Escritura de la lengua Aymara y Quechua. Efraín Morote Best. -- Emigración de estudiantes peruanos al extranjero. Arístides Vega Navarro. -- Apuntes para la Sociología peruana. Sócrates Miranda. -- La teoría funcional del aprendizaje en acción. Francisco Carrasco Z. -- Madre de Dios, hoya independiente. Julio Gonzales del Castillo. -- Posibilidad de la reforma de educación técnica en el Perú. Segundo Villasante Ortiz. -- Apuntes sobre el rio Watanay. César Sánchez. -- Algunos aspectos de la enseñanza de la Psicología. Miguel Ángel Huamán. -- Funciones de los departamentos Psicopedagógicos en la actual organización de la educación secundaria. José Manzanares. -- Himno al Colegio de Ciencias... aManuel de Mollinedo y Angulo aAymara aQuechua aRio Huatanay aEducación aVillanueva Urteaga, Horacio aMorote Best, Efraín aRoel Pineda, Josafat aNuñez del Prado, Oscar aBaca Mendoza, Oswaldo